Logo BPK

Biblioteka

Politechniki Koszalińskiej

Kak zarjaditi' akkumuljator / (Rekord nr 14360)

Szczegóły MARC
000 -ETYKIETA REKORDU
podpole kontrolne o stałej długości 00393nam a2200157 i 4500
001 - NUMER KONTROLNY REKORDU
pole kontrolne bg
040 ## - ŹRÓDŁO KATALOGOWANIA
Instytucja, która utworzyła rekord BPK
041 ## - KOD JĘZYKA
Kod języka tekstu pol
080 ## - UNIWERSALNA KLASYFIKACJA DZIESIĘTNA - UKD
UKD 621.314.6:621.335
008 - POLE O STAŁEJ DŁUGOŚCI - DANE KONTROLNE
podpole kontrolne o stałej długości s pl f |000 0 pol
100 1# - NAZWA OSOBOWA
Nazwa osobowa FURSOV, S. P.
245 #0 - TYTUŁ/ODPOWIEDZIALNOŚĆ
Tytuł Kak zarjaditi' akkumuljator /
Pozostałe elementy strefy tytułu i oznaczenia odpowiedzialności S. P. Fursov.
260 ## - STREFA ADRESU WYDAWNICZEGO
Miejsce wydania Kisinev :
Nazwa wydawcy/dystrybutora Izdat. "Stiinca",
Data publikacji, dystrybucji/powstania dokumentu 1972.
300 ## - STREFA OPISU FIZYCZNEGO
Objętość s. 198 :
Inne cechy fizyczne ilustr.
942 ## - DODATKOWE ELEMENTY (KOHA)
Typ dokumentu Książka
Egzemplarze
Wycofany Status egzemplarza Uszkodzony Dostępność Lokalizacja stała Lokalizacja bieżąca Miejsce przechowywania Sygnatura Kod kreskowy Typ dokumentu
      Dostępny Biblioteka Politechniki Koszalińskiej Biblioteka Politechniki Koszalińskiej Wypożyczalnia BG 13784 01749045 Książka
© 2023 Biblioteka Politechniki Koszalińskiej :: KOHA